000 00735nam a2200157 a 4500
005 20260322212056.0
008 data
096 _aWA 541 A77 1996
110 2 _aGovernor's Office of Strategic Planning and Budgeting
245 1 0 _a1996 Program authorization review
_bArizona State Hospital
_cGovernor's Office of Strategic Planning and Budgeting & Arizona State Hospital. Behavioral Health Services Department of Health Services.
260 _aPhoenix, Ariz.
_bGovernor's Office of Strategic Planning and Budgeting
_c1996
650 0 _aMental health services
_xLaw and legislation
650 0 _aPsychiatric hospitals
_xAdministration
710 2 _aArizona State Hospital. Behavioral Health Services Department of Health Services.
001 data
999 _c1338
_d1338